Online katalóg knižníc regiónu Turca

Meduška (Record no. 20518)

MARC details
000 -LEADER
fixed length control field 01711cam a2200469 a 4500
001 - CONTROL NUMBER
control field 20518
003 - CONTROL NUMBER IDENTIFIER
control field VRT
005 - DATE AND TIME OF LATEST TRANSACTION
control field 20260123152010.0
008 - FIXED-LENGTH DATA ELEMENTS--GENERAL INFORMATION
fixed length control field 240620s1996 xo a br 0000j slo
015 ## - NATIONAL BIBLIOGRAPHY NUMBER
National bibliography number SNBA1996/1203410
020 ## - INTERNATIONAL STANDARD BOOK NUMBER
International Standard Book Number 8006006814
035 ## - SYSTEM CONTROL NUMBER
System control number SNK000166300
039 #9 - LEVEL OF BIBLIOGRAPHIC CONTROL AND CODING DETAIL [OBSOLETE]
Level of rules in bibliographic description 202406201052
Level of effort used to assign nonsubject heading access points msnk24
Level of effort used to assign subject headings 202406201049
Level of effort used to assign classification msnk24
Level of effort used to assign subject headings 202406200853
Level of effort used to assign classification VLOAD
Level of effort used to assign subject headings 202403181927
Level of effort used to assign classification VLOAD
040 ## - CATALOGING SOURCE
Original cataloging agency SNK
Language of cataloging slo
Transcribing agency SNK
Description conventions AACR2
041 0# - LANGUAGE CODE
Language code of text/sound track or separate title slo
044 ## - COUNTRY OF PUBLISHING/PRODUCING ENTITY CODE
MARC country code xo
ISO country code SK
072 #7 - SUBJECT CATEGORY CODE
Subject category code 821.162.4-3
Subject category code subdivision Slovenská próza
Source konspekt
072 #7 - SUBJECT CATEGORY CODE
Subject category code 821-93
Subject category code subdivision Literatúra pre deti a mládež (beletria)
Source konspekt
080 ## - UNIVERSAL DECIMAL CLASSIFICATION NUMBER
Universal Decimal Classification number 821.162.4-3(087.5)
Edition identifier 2001
080 ## - UNIVERSAL DECIMAL CLASSIFICATION NUMBER
Universal Decimal Classification number 821.162.4-34
Edition identifier 2011
080 ## - UNIVERSAL DECIMAL CLASSIFICATION NUMBER
Universal Decimal Classification number 82-34:808.1
Edition identifier 2011
080 ## - UNIVERSAL DECIMAL CLASSIFICATION NUMBER
Universal Decimal Classification number 82-93-053.4/.5
Edition identifier 2011
100 1# - MAIN ENTRY--PERSONAL NAME
Personal name Čepčeková, Elena,
Dates associated with a name 1922-1992
Relationship aut
245 10 - TITLE STATEMENT
Title Meduška
Statement of responsibility, etc. Elena Čepčeková ; ilustrácie Alena Wagnerová
250 ## - EDITION STATEMENT
Edition statement 5. vyd.
260 ## - PUBLICATION, DISTRIBUTION, ETC.
Place of publication, distribution, etc. Bratislava
Name of publisher, distributor, etc. Mladé letá
Date of publication, distribution, etc. 1996
300 ## - PHYSICAL DESCRIPTION
Extent 115 s.
Other physical details farebné ilustrácie
Dimensions 17 cm
500 ## - GENERAL NOTE
General note Ilustrácia na titulnej strane a frontispice
655 #7 - INDEX TERM--GENRE/FORM
Genre/form data or focus term slovenské rozprávky
Source of term SNKPH
655 #7 - INDEX TERM--GENRE/FORM
Genre/form data or focus term autorské rozprávky
Source of term SNKPH
655 #7 - INDEX TERM--GENRE/FORM
Genre/form data or focus term literatúra pre deti
Source of term SNKPH
700 1# - ADDED ENTRY--PERSONAL NAME
Personal name Wagnerová, Alena
Relationship ill
911 ## - EQUIVALENCE OR CROSS-REFERENCE-CONFERENCE OR MEETING NAME [LOCAL, CANADA]
Meeting name or jurisdiction name as entry element KN 1996/12
Number [OBSOLETE] 03410
942 ## - ADDED ENTRY ELEMENTS (KOHA)
Source of classification or shelving scheme Dewey Decimal Classification
Koha item type Krásna literatúra pre deti
Suppress in OPAC No
949 ## - LOCAL PROCESSING INFORMATION (OCLC)
6 270001000029684
a svkbbA 91778
b svkbbm 604126
949 ## - LOCAL PROCESSING INFORMATION (OCLC)
9 P60, <09>, [BOOK], {629}
a snkD 404
b snk3472/961016
949 ## - LOCAL PROCESSING INFORMATION (OCLC)
6 3870A17174
a binBIB 99/294
b bin17174
949 ## - LOCAL PROCESSING INFORMATION (OCLC)
6 17A0013267
9 P60, <03>, [BOOK], {603}
a snkSD 68100
b snkKSP 8310/96
949 ## - LOCAL PROCESSING INFORMATION (OCLC)
6 17A0013268
9 P60, <04>, [BOOK], {604}
a snkSD 68100 D1
b snkKSP 8311/96
Holdings
Stav vyradenia Strata Poškodenie Spôsob nadobudnutia Domovská knižnica Aktuálna knižnica Dátum nadobudnutia Total checkouts Čiarový kód exemplára Date last seen Typ exemplára
      Dar Mestská knižnica Turany Mestská knižnica Turany 23.01.2026   4712401256 23.01.2026 Krásna literatúra pre deti
Projekt je podporený Slovenskou asociáciou knižníc
Prevádzkuje Turčianska knižnica Martin 2026